000 00339nam a2200133#a 4500
001 02326
003 HDC
007 ta
008 230623s2023 xx 000 0 eng d
020 _aHalal Industry Development Corporation.
040 _aHDC
245 0 _aHalal assessed (BM)
_h[GMD] /
_cHalal Industry Development Corporation.
942 _2lcc
999 _c23885
_d23885